Текст томруулах:    
Business: a changing world (Бичлэгийн дугаар. 145502)
000 -УДИРДЛАГА
Удирдлага 01653 a2200289 4500
003 - ХЯНАЛТЫН ТОО ТОДОРХОЙЛОГЧ
Код MN-UlNUM
005 - БИЧИЛТ ХИЙСЭН ОГНОО
Тухайн бичилтийг бичсэн засварласан сүүлийн огноо 20251112143919.0
008 - ЕРӨНХИЙ МЭДЭЭЛЭЛ
Ерөнхий мэдээлэл 110605s2006 maua 001 | eng d
020 ## - ISBN
ISBN 0072973587
-- 9780072973587
040 ## - БИЧЛЭГ ҮҮСГЭГЧ БАЙГУУЛЛАГА
Бичлэг үүсгэгч номын сангийн код МУИС-ийн номын сан
084 ## - ББК АНГИЛАЛ
ББК ангилал 65.290-2
Зохиогчийн гурван тэмдэгт F 42
Нэмэлт тусгалт Сурах бичиг
Мэдлэгийн ялгаа 65 - Эдийн засаг
100 1# - ЗОХИОГЧ
Зохиогчийн нэр Ferrell, O. C
245 10 - ҮНДСЭН ГАРЧИГ
Номын нэр Business: a changing world
250 ## - ДАХИН ХЭВЛЭЛТ
Дахин гаралтын дугаар 5th edition
260 ## - ГАРАЛТЫН МЭДЭЭ
Хэвлэгдсэн газар Boston
Хэвлэлийн газар McGraw-Hill/Irwin
Хэвлэгдсэн он 2006
300 ## - МАТЕРИАЛЫН ТОДОРХОЙЛОЛТ
хуудасны тоо xxxiv, 506, G-13, N-16, I-12 p. :
Бусад тоон мэдээлэл col. ill. ;
Хэмжээ 26 cm. +
Дагалдах материал CD-ROM (4 3/4 in.)
500 ## - Тайлбар
Дансны дугаар ОУХНУС 1477, 1509
505 ## - Агуулгын тэмдэглэгээ
Агуулгын тэмдэглэгээ Business: A Changing World is the fastest growing introductory business textbook on the market, and for a simple reason. Unlike most brief textbooks on the market, which are trimmed and spliced from much longer works into an approximation of an essentials edition, Business: A Changing World is written from the ground up to be brief, lean, and flexible enough to enable you to cover just the topics you want at the level of depth you want, plus it doesn't inherit out-dated examples from a hardback derivative. With market-leading teaching support and the most up to date content available, Business: A Changing World represents the best value available in the brief Introductory Business market. What sets Ferrell apart? An unrivaled mixture of topical depth, current content and the best teaching support around.
546 ## - ХЭЛНИЙ ТУХАЙ МЭДЭЭ
Хэл Англи хэл дээр,
653 ## - Түлхүүр үг
Түлхүүр үг business management
653 ## - Түлхүүр үг
Түлхүүр үг United States
700 1# - ХАМ ЗОХИОГЧИД
Ба бус Hirt, Geoffrey A.
700 1# - ХАМ ЗОХИОГЧИД
Ба бус Ferrell, Linda.
942 ## - ЭЛЕМЕНТИЙН ТӨРӨЛ
Зүйлийн төрөл Ном